<?xml version="1.0" encoding="UTF-8"?>
<collection xmlns="http://www.loc.gov/MARC21/slim">
  <record>
    <leader>00000nam  2200000   4500</leader>
    <controlfield tag="001">INLIS000000000020570</controlfield>
    <controlfield tag="005">20250721120825</controlfield>
    <datafield tag="035" ind1="#" ind2="#">
      <subfield code="a">0010-0725000100</subfield>
    </datafield>
    <controlfield tag="007">ta</controlfield>
    <controlfield tag="008">250721################|##########|#|##</controlfield>
    <datafield tag="084" ind1="#" ind2="#">
      <subfield code="a">R 176 PKN II 2023</subfield>
    </datafield>
    <datafield tag="100" ind1=" " ind2="#">
      <subfield code="a">Abdullah</subfield>
    </datafield>
    <datafield tag="245" ind1="1" ind2="#">
      <subfield code="a">Penguatan Peran Biro Umum Dalam Penyediaan Layanan Melalui Pengelolaan “Mahligai Keris) Rumah Layanan Singgah Insan Kepri Sehat /</subfield>
      <subfield code="c">Abdullah</subfield>
    </datafield>
    <datafield tag="260" ind1="#" ind2="#">
      <subfield code="a">Jakarta :</subfield>
      <subfield code="b">Pusbangkom Pimnas dan Manajerial ASN,</subfield>
      <subfield code="c">2023</subfield>
    </datafield>
    <datafield tag="300" ind1="#" ind2="#">
      <subfield code="a">43 hlm. ;</subfield>
      <subfield code="c">30 cm</subfield>
    </datafield>
    <datafield tag="650" ind1="#" ind2="4">
      <subfield code="a">Penyediaan Layanan</subfield>
    </datafield>
    <datafield tag="520" ind1="#" ind2="#">
      <subfield code="a">Proper ini merupakan inovasi dalam pelaksanaan peran, layanan, dan kerjasama untuk pengelolaan dan pemberian layanan rumah singgah di Kota Batam. Peresmian rumah singgah di Kota Batam oleh Bapak Gubernur Kepulauan Riau telah memberikan manfaat bagi masyarakat Kepulauan Riau yang kurang mampu dan membutuhkan layanan kesehatan dalam rujukan berobat.Dengan adanya dukungan Gubernur Kepulauan Riau dan stakeholder terkait, sebagai target pencapaian milestone jangka menengah dan jangka panjang telah dapat direalisasikan. Tindak lanjut dari pelaksanaan proyek perubahan ini adalah dengan melakukan peningkatan dari pengelolaan rumah singgah, baik dari pemenuhan sarana dan prasarana hingga layanan yang diberikan.</subfield>
    </datafield>
    <datafield tag="990" ind1="#" ind2="#">
      <subfield code="a">2407176</subfield>
    </datafield>
  </record>
</collection>
